Черная курица, или Подземные жители: волшебная повесть; для младшего школьного возраста

Détails bibliographiques
Auteur principal: Погорельский А. Антоний
Autres auteurs: Борисова Е. (иллюстратор)
Langue:russe
Publié: Москва, Форкис, 1991
Sujets:
Format: MixedMaterials Livre
KOHA link:https://koha.lib.tpu.ru/cgi-bin/koha/opac-detail.pl?biblionumber=155324

MARC

LEADER 00000nam0a2200000 4500
001 155324
005 20231031152307.0
010 |a 5900308022 
020 |a RU  |b 92-13336 
035 |a (RuTPU)RU\TPU\book\168496 
090 |a 155324 
100 |a 20090313d1991 c y0rusy5003 ca 
101 0 |a rus 
102 |a RU 
105 |a a z 000ay 
200 1 |a Черная курица, или Подземные жители  |e волшебная повесть   |e для младшего школьного возраста  |f А. Погорельский  |g худож. Е. Борисова 
210 |a Москва  |c Форкис  |d 1991 
215 |a 40 с.  |c цв. ил.  |d 26 см 
610 1 |a Сказки русские 
610 1 |a детская литература 
675 |a Р1  |z rus 
700 1 |a Погорельский  |b А.  |g Антоний  |4 070 
702 1 |a Борисова  |b Е.  |4 440 
801 0 |a RU  |b RuMRKP  |c 19950417  |g psbo 
801 1 |a RU  |b 63413507  |c 20090313  |g PSBO 
801 2 |a RU  |b 63413507  |c 20090313  |g PSBO 
942 |c BK